| 000 | 01386cam a22003857a 4500 | ||
|---|---|---|---|
| 003 | CHAP | ||
| 005 | 20220329133327.0 | ||
| 008 | 971013s1991 r 00010 d | ||
| 010 | _a4957 | ||
| 011 | _a5929 | ||
| 035 | _a5145 | ||
| 040 | _cCHAP | ||
| 082 |
_a382.1 _bE8 |
||
| 100 | 0 | 0 |
_aEstay Reyno, Jaime. _938278 |
| 245 | 1 | 4 | _aLas relaciones comerciales de Estados Unidos con América Latina y México durante la década de los ochenta |
| 260 |
_aMéxico, D. F. : _bFundación Friedrich Ebert, _c1991 |
||
| 300 | _a156 p. | ||
| 490 | 0 |
_aEconomics. Working paper _v; 35 |
|
| 500 | _a55-88 | ||
| 590 |
_aBATCH-UPD _b10 _c20130109 _lUCH01 _h2320 |
||
| 590 |
_aBATCH-UPD _b10 _c20130110 _lUCH01 _h1117 |
||
| 590 |
_aBATCH-UPD _b10 _c20130409 _lUCH01 _h1843 |
||
| 590 |
_aBATCH-UPD _b10 _c20130410 _lUCH01 _h0708 |
||
| 590 |
_aBATCH-UPD _b10 _c20130914 _lUCH01 _h1302 |
||
| 590 |
_aCONVERSION _b10 _c20130109 _lUCH01 _h1304 |
||
| 650 | 1 | 4 |
_aE.U.A. _xRelaciones exteriores _xAmérica Latina. _934847 |
| 650 | 1 | 4 |
_aEmpresas comerciales internacionales. _936653 |
| 650 | 1 | 4 |
_aMéxico _xRelaciones exteriores _xE.U.A. _976792 |
| 650 | 1 | 4 |
_aRelaciones económicas internacionales. _995813 |
| 700 | 0 |
_aRivera de la Rosa, Jesús. _997625 |
|
| 830 | 0 |
_aEconomics. Working paper _v; 35 _935222 |
|
| 901 | _aBK | ||
| 942 | _cLIBRO | ||
| 949 |
_a382.1 E8 _bBC _cLIBRO _d33724000432449 _eLIBRO _h81687 _i5145 _si |
||
| 999 |
_c4957 _d4957 |
||